Parliamentary debate (Record no. 74698)

MARC details
000 -LEADER
fixed length control field 01177cab a2200229 4500
001 - CONTROL NUMBER
control field ABS68503
008 - FIXED-LENGTH DATA ELEMENTS--GENERAL INFORMATION
fixed length control field 041223n2004 000 0 eng u
035 ## - SYSTEM CONTROL NUMBER
System control number (Sirsi) u128429
100 ## - MAIN ENTRY--PERSONAL NAME
Personal name Blyth, A.
245 ## - TITLE STATEMENT
Title Parliamentary debate
260 ## - PUBLICATION, DISTRIBUTION, ETC.
Date of publication, distribution, etc. 2004
490 ## - SERIES STATEMENT
Series statement Premises and Facilities Management
Volume/sequential designation December 2004, 23-24(2)
520 ## - SUMMARY, ETC.
Summary, etc. Gives the main conclusions from the Fraser enquiry into the new Scottish Parliament building which was10 times over budget and several years late. Explains how the lessons from this episode may be applied to other projects. The main criticisms include that the actual requirements of the building were underestimated and there was a problem with the method of procurement. With the procurement route taken, much of the risk was with the client but they did not seem to have the necessary control over the project that would enable them to effectively manage that risk.
590 ## - LOCAL NOTE (RLIN)
Local note ABS
650 ## - SUBJECT ADDED ENTRY--TOPICAL TERM
Topical term or geographic name entry element SCOTTISH PARLIAMENT
650 ## - SUBJECT ADDED ENTRY--TOPICAL TERM
Topical term or geographic name entry element RISK MANAGEMENT
650 ## - SUBJECT ADDED ENTRY--TOPICAL TERM
Topical term or geographic name entry element PROCUREMENT METHODS
650 ## - SUBJECT ADDED ENTRY--TOPICAL TERM
Topical term or geographic name entry element FACILITIES MANAGEMENT
9 (RLIN) 6240
650 ## - SUBJECT ADDED ENTRY--TOPICAL TERM
Topical term or geographic name entry element SECURITY MEASURES
690 ## - LOCAL SUBJECT ADDED ENTRY--TOPICAL TERM (OCLC, RLIN)
Topical term or geographic name as entry element BUILDING AND CONSTRUCTION-PROJECTS
942 ## - ADDED ENTRY ELEMENTS (KOHA)
Suppress in OPAC 0
Holdings
Withdrawn status Lost status Source of classification or shelving scheme Damaged status Not for loan Home library Current library Shelving location Date acquired Total Checkouts Full call number Barcode Date last seen Copy number Price effective from Koha item type
    Dewey Decimal Classification     London London Journal article 23/12/2004   ABS68503 128429-1001 06/08/2019 1 06/08/2019 Journal article